Central Library OPAC University of Rajshahi

Marketing of plastic money : (Record no. 52979)

MARC details
000 -LEADER
fixed length control field 00679nam a2200217 a 4500
001 - CONTROL NUMBER
control field 52979
003 - CONTROL NUMBER IDENTIFIER
rucl marc code BD-RjUL
005 - DATE AND TIME OF LATEST TRANSACTION
control field 20211209075905.0
008 - FIXED-LENGTH DATA ELEMENTS--GENERAL INFORMATION
fixed length control field 161002s1999 ii ||||| |||| 00| 0 eng d
020 ## - INTERNATIONAL STANDARD BOOK NUMBER
International Standard Book Number 8173912866
035 ## - SYSTEM CONTROL NUMBER
System control number (BD-RjUL)53099
040 ## - CATALOGING SOURCE
Original cataloging agency BD-RjUL
Language of cataloging eng
Transcribing agency BD-RjUL
041 ## - LANGUAGE CODE
Language code of text/sound track or separate title eng
082 ## - DEWEY DECIMAL CLASSIFICATION NUMBER
Edition number 23
Classification number 332.7650954
Author mark and year PAM 1999
100 ## - MAIN ENTRY--PERSONAL NAME
Personal name Panigrahy, Dibakar
9 (RLIN) 158358
245 10 - TITLE STATEMENT
Title Marketing of plastic money :
Remainder of title a new avenue of selling money /
Statement of responsibility, etc. Dibakar Panigrahy
260 ## - PUBLICATION, DISTRIBUTION, ETC. (IMPRINT)
Place of publication, distribution, etc. New Delhi :
Name of publisher, distributor, etc. Kanishka Publishers, Distributors,
Date of publication, distribution, etc. 1999.
300 ## - PHYSICAL DESCRIPTION
Pagination vi, 128 p. :
Illustrations ill. ;
Size 23 cm
650 ## - SUBJECT ADDED ENTRY--TOPICAL TERM
Topical term or geographic name as entry element Credit cards
Geographic subdivision India
9 (RLIN) 158359
Form subdivision maketing
942 ## - ADDED ENTRY ELEMENTS (KOHA)
Source of classification or shelving scheme Dewey Decimal Classification
Koha item type Books
Holdings
Lost status Source of classification or shelving scheme Damaged status Not for loan Collection code Permanent Location Current Location Shelving location Date acquired Source of acquisition Cost, normal purchase price Total Checkouts Full call number Date last seen Copy number Koha item type
  Dewey Decimal Classification     Non-fiction Central Library, University of Rajshahi Central Library, University of Rajshahi   03/02/2008 Paragon Enterprises Dhaka 300.00   332.7650954 PAM 1999 02/10/2016 C-2 Books
  Dewey Decimal Classification     Non-fiction Central Library, University of Rajshahi Central Library, University of Rajshahi   03/02/2008 Paragon Enterprises Dhaka 300.00   332.7650954 PAM 1999 02/10/2016 C-3 Books
  Dewey Decimal Classification     Non-fiction Central Library, University of Rajshahi Central Library, University of Rajshahi   03/02/2008 Paragon Enterprises Dhaka 300.00   332.7650954 PAM 1999 02/10/2016 C-4 Books
  Dewey Decimal Classification     Non-fiction Central Library, University of Rajshahi Central Library, University of Rajshahi   03/02/2008 Dhaka,Paragon Enterprise Lit., 300.00   332.7650954 PAM 1999 08/11/2016 C-5 Books
  Dewey Decimal Classification   Not For Loan Non-fiction Central Library, University of Rajshahi Central Library, University of Rajshahi Reading Room 03/02/2008 Dhaka,Paragon Enterprise Lit., 300.00   332.7650954 PAM 1999 02/01/2017 C-1 Books